|
|
|
|
| LEADER |
00000nam a2200000 a 4500 |
| 001 |
vtls010281678 |
| 003 |
SK-MaSNL |
| 005 |
20260426005415.0 |
| 008 |
240315 2007 000 0 slo |
| 020 |
|
|
|a 9788088966623
|q (brož.)
|
| 035 |
|
|
|a C6A981F8-2C6D-4568-B3E5-6002B60AAE5E
|
| 035 |
|
|
|a urn:nbn:sk:snk-amkbaf
|
| 035 |
|
|
|a urn:nbn:sk:snk-am008jg0
|
| 040 |
|
|
|a SNK
|b slo
|c SNK
|e AACR2
|
| 041 |
|
|
|a slo
|
| 043 |
|
|
|a e-xo---
|
| 044 |
|
|
|a xo
|c SK
|
| 072 |
|
7 |
|a 351
|x Úlohy verejnej správy, správne opatrenia. Legislatíva
|2 konspekt
|
| 080 |
|
|
|a 351.712
|2 2001
|
| 080 |
|
|
|a (437.6)
|2 2001
|
| 080 |
|
|
|a (0.072)
|2 2001
|
| 080 |
|
|
|a (094.5)
|2 2001
|
| 100 |
1 |
|
|a Sedlárová, Mada
|4 aut
|9 652704
|
| 245 |
1 |
0 |
|a Zákon o verejných prácach s komentárom
|b úplné znenie zákona v úprave platnej od 1. augusta 2007
|c Magda Sedlárová a kolektív
|
| 250 |
|
|
|a 1. vyd.
|
| 260 |
|
|
|a Bratislava
|b Unika
|c 2007
|
| 300 |
|
|
|a 32 s., [4] l. text príl.
|c 21 cm
|
| 650 |
0 |
7 |
|a verejné práce
|2 SNKPH
|9 272301
|
| 651 |
|
7 |
|a Slovensko
|2 SNKPH
|9 14231
|
| 655 |
|
7 |
|a komentáre
|2 SNKPH
|9 70412
|
| 655 |
|
7 |
|a zákony
|2 SNKPH
|9 70186
|
| 919 |
|
|
|a 978-80-88966-62-3
|
| 958 |
|
|
|a OND
|
| 999 |
|
|
|c 1007354
|d 1009284
|
| 952 |
|
|
|a SNK
|b SNK
|y PREZ
|7 0
|p 17A0644887
|o snkSC 145483
|i snk2011/12336
|8 3
|g 3.00
|3 Vrátené z príručnej knižnice
|0 0
|1 0
|4 0
|d 2011-05-27
|f 1
|l 0
|r 2025-07-14 00:00:00
|w 2026-02-24
|
| 952 |
|
|
|a SNK
|b SNK
|y VYP
|7 0
|p 17A0644886
|o snkSC 145483 D2
|i snk2011/12337
|8 3
|g 3.00
|0 0
|1 0
|4 0
|d 2011-05-27
|l 0
|r 2026-02-24 12:40:27
|w 2026-02-24
|
| 952 |
|
|
|a SNK
|b SNK
|y VYP
|7 0
|p 17A1122910
|o snkSC 145483 D1
|i snk2015/14303
|8 3
|g 5.37
|0 0
|1 0
|4 0
|d 2015-04-29
|l 0
|r 2026-02-24 12:40:27
|w 2026-02-24
|